Answer Questions (Based on Song Lyrics) - Statistics

General Stats
  • This quiz has been taken 10 times
  • The average score is 12 of 29
Answer Stats
Answer % Correct
You
100%
1000
89%
Lover
78%
Sing a song
78%
Go and love yourself
67%
What I'm looking for
67%
A minor
56%
Mama
56%
Shape of you
56%
Thrift shop
56%
Legends
44%
Me
44%
Next to you
44%
Roar
44%
Your name
44%
Don't think they'd understand
33%
Enemy
33%
Wish that you were here
33%
A bottle of alcohol
22%
Alone
22%
Die for you
22%
Hold both your hands in the arms of my sweater
22%
When you're high
22%
Your symphony
22%
A lover that could hold me
11%
Espresso
11%
Ken
11%
Myself
11%
This way for no one
11%
No matching quizzes found
Score Distribution
Percent of People with Each Score
Percentile by Number Answered
Your Score History
You have not taken this quiz